00000000nam##2200000za#4500
0019.615758
003CaOODSP
00520210615101255
007ta
008150406|2001||||xxc|||||     f|0| 0 eng|d
040 |aCaOODSP|beng
043 |an-cn---
0861 |aNH18-23/78E
1102 |aCanada Mortgage and Housing Corporation.
24514|aThe Headwaters Project - East Clayton neighbourhood concept plan
260 |aOttawa - Ontario : |bCanada Mortgage and Housing Corporation |c2001.
300 |a7p. : |bfigs., graph, tables ; |c28 cm.
4901 |aResearch highlight. Socio-economic series |v78
563 |aPamphlet
590 |a01-37|b2001-09-14
69007|aSustainable development|2gcpds
77508|tLe projet Headwaters - plan conceptuel du quartier d'East Clayton |w(CaOODSP)9.625782
7760#|tThe Headwaters Project : |w(CaOODSP)9.571757
830#0|aResearch highlight. Socio-economic series ;|v78|w(CaOODSP)9.514827
986 |aNHA 60975